The Threat (Record no. 298548)

000 -LEADER
fixed length control field 00258 a2200121 4500
001 - CONTROL NUMBER
control field 63475
082 ## - DEWEY DECIMAL CLASSIFICATION NUMBER
Classification number 353.00947 COC
090 ## - LOCALLY ASSIGNED LC-TYPE CALL NUMBER (OCLC); LOCAL CALL NUMBER (RLIN)
-- 37512
-- 37512
100 ## - MAIN ENTRY--PERSONAL NAME
Personal name Cockburn, A
245 ## - TITLE STATEMENT
Title The Threat
Medium English
260 ## - PUBLICATION, DISTRIBUTION, ETC.
Name of publisher, distributor, etc. PAF Book Club
300 ## - PHYSICAL DESCRIPTION
Extent 338p
942 ## - ADDED ENTRY ELEMENTS (KOHA)
Institution code [OBSOLETE] CAE NUST
Call number prefix 353.00947 COC
Holdings
Withdrawn status Lost status Damaged status Not for loan Collection code Permanent Location Current Location Date acquired Total Checkouts Full call number Barcode Date last seen Price effective from Koha item type
          College of Aeronautical Engineering (CAE) College of Aeronautical Engineering (CAE) 04/03/2017   353.00947 COC CAEG-5438 04/05/2017 04/05/2017 Book
          College of Aeronautical Engineering (CAE) College of Aeronautical Engineering (CAE) 04/03/2017   353.00947 COC CAEG-6239 04/05/2017 04/05/2017 Book
© 2023 Central Library, National University of Sciences and Technology. All Rights Reserved.